[Event "Reykjavik op"]
[Site "Reykjavik"]
[Date "2023.04.01"]
[Round "6"]
[White "Doluhanova, Evgeniya"]
[Black "Bajoghli, Navid"]
[Result "1-0"]
[WhiteElo "2311"]
[BlackElo "1598"]
[PlyCount "61"]
[EventDate "2023.03.29"]
[EventType "swiss"]
[EventRounds "9"]
[EventCountry "ISL"]
[SourceTitle "CBM 213 Extra"]
[Source "ChessBase"]
[SourceDate "2023.05.31"]
[SourceVersion "1"]
[SourceVersionDate "2023.05.31"]
[SourceQuality "1"]

1. c4 Nf6 2. d3 e5 3. Nf3 Nc6 4. a3 a5 5. g3 Bc5 6. Bg2 d6 7. 0-0 0-0 8. Nc3 Re8 9. Rb1 e4 10. dxe4 Nxe4 11. Nxe4 Rxe4 12. b3 Bf5 13. Bb2 Re8 14. Rc1 Qd7 15. Qd2 Bh3 16. Qg5 f6 17. Bxh3 Qxh3 18. Bxf6 Qd7 19. Rc2 Bxa3 20. Ba1 Qe7 21. Qg4 Bc5 22. Rd1 a4 23. bxa4 Rxa4 24. Bb2 b5 25. Rd5 Rxc4 26. Rxc4 bxc4 27. Bxg7 Qxe2 28. Bd4+ Kf7 29. Rf5+ Ke7 30. Bf6+ Ke6 31. Rh5+ 1-0